| 000 | 00951nam a22003017a 4500 | ||
|---|---|---|---|
| 001 | 5206 | ||
| 003 | FISKH | ||
| 005 | 20241119093136.0 | ||
| 008 | 241119b cb ||||| |||| 00| 0 eng d | ||
| 020 | _a0471310085 | ||
| 040 |
_aFISKH _beng _cFISKH _dFISKH |
||
| 050 | _aQL799.T38 | ||
| 082 | _a591.4 | ||
| 100 | _aTaylor, Kim | ||
| 245 |
_aStructure / _cby Kim Taylor |
||
| 260 |
_aNew York : _bJohn Wiley & Sons , Inc. _c1992 . |
||
| 300 |
_a32 pages : _bcolor illustrations ; _c29 cm . |
||
| 490 | _aFlying Start Science | ||
| 505 | _aU | ||
| 520 | _aThis is part of a series of eight books that provide the basis of scientific knowledge with clear, detailed explanations of the major concepts. | ||
| 521 | 8 |
_a850
_bLexile estimate |
|
| 521 | 8 |
_aU
_bRaz-Plus |
|
| 650 |
_aphysical science _vnon-fiction |
||
| 650 |
_astructure _vnon-fiction |
||
| 700 |
_aSmith, Guy _eillustrator |
||
| 942 |
_2ddc _cBK _n0 |
||
| 999 |
_c5206 _d5206 |
||